Statistics for Name a Valid Country for Each Mountain Range

Click here to take the quiz!

General Stats

  • This quiz has been taken 97 times
  • The average score is 12 of 16

Answer Stats

Mountain RangeCountry% Correct
AlpsAustria | France | Germany | Italy | Liechtenstein | Monaco | Slovenia | Switzerland
100%
HimalayasBhutan | China | India | Nepal | Pakistan
99%
AndesArgentina | Bolivia | Chile | Colombia | Ecuador | Peru | Venezuela
98%
Rocky MountainsCanada | United States
98%
UralKazakhstan | Russia
93%
CaucasusArmenia | Azerbaijan | Georgia | Russia
90%
PyreneesAndorra | France | Spain
86%
Hindu KushAfghanistan | Pakistan | Tajikistan
81%
AtlasAlgeria | Morocco | Tunisia
79%
Balkan MountainsBulgaria | Serbia
77%
CarpathiansAustria | Czech Republic | Hungary | Poland | Romania | Serbia | Slovakia | Ukraine
68%
ApenninesItaly | San Marino
62%
KarakoramChina | India | Pakistan
52%
AltaiChina | Kazakhstan | Mongolia | Russia
46%
DrakensbergLesotho | South Africa
45%
SudetesCzech Republic | Germany | Poland
31%

Score Distribution

Percentile by Number Answered

Percent of People with Each Score

Your Score History

You have not taken this quiz